Brilliant project management : (Record no. 128059)

MARC details
000 -LEADER
fixed length control field 00754cam a2200253 i 4500
008 - FIXED-LENGTH DATA ELEMENTS--GENERAL INFORMATION
fixed length control field
020 ## - INTERNATIONAL STANDARD BOOK NUMBER
International Standard Book Number 9780273775096 (pbk.)
049 ## - LOCAL HOLDINGS (OCLC)
Holding library MAIN
090 ## - LOCALLY ASSIGNED LC-TYPE CALL NUMBER (OCLC); LOCAL CALL NUMBER (RLIN)
Classification number (OCLC) (R) ; Classification number, CALL (RLIN) (NR) HD69.P75
Local cutter number (OCLC) ; Book number/undivided call number, CALL (RLIN) BAR.
003 - CONTROL NUMBER IDENTIFIER
control field
005 - DATE AND TIME OF LATEST TRANSACTION
control field 20230123122120.0
040 ## - CATALOGING SOURCE
Transcribing agency NUST
100 1# - MAIN ENTRY--PERSONAL NAME
Personal name Barker, Stephen.
245 10 - TITLE STATEMENT
Title Brilliant project management :
Remainder of title what the best project managers know, do and say /
Statement of responsibility, etc. Stephen Barker and Rob Cole.
246 30 - VARYING FORM OF TITLE
Title proper/short title Project management
250 ## - EDITION STATEMENT
Edition statement 3rd ed.
260 #1 - PUBLICATION, DISTRIBUTION, ETC.
Place of publication, distribution, etc. Harlow, England :
Name of publisher, distributor, etc. Pearson,
Date of publication, distribution, etc. 2012.
300 ## - PHYSICAL DESCRIPTION
Extent x, 187 pages ;
Dimensions 22 cm
500 ## - GENERAL NOTE
General note Includes index.
650 #0 - SUBJECT ADDED ENTRY--TOPICAL TERM
Topical term or geographic name entry element Project management.
700 1# - ADDED ENTRY--PERSONAL NAME
Personal name Cole, Rob.
907 ## - LOCAL DATA ELEMENT G, LDG (RLIN)
a .b10350901
b 25-11-14
c 25-11-14
942 ## - ADDED ENTRY ELEMENTS (KOHA)
Koha item type Ordinary Loan Books
Call number prefix HD69.P75
Call number suffix BAR.
Holdings
Date last seen Total Checkouts Full call number Barcode Cost, replacement price Price effective from Koha item type Lost status Source of classification or shelving scheme Damaged status Not for loan Collection Withdrawn status Home library Current library Shelving location Date acquired Cost, normal purchase price
01/23/2023 8 HD69.P75 BAR 92004037092 80.00 01/23/2023 BOOKS   LCC     NFIC   MAIN MAIN GEN 01/23/2023 80.00